000 03636cam a2200577 a 4500
001 14626690
003 BJBSDDR
005 20260210133051.0
006 a|||||r|||| 00| 0
007 ta
008 061107s2007 nyuabe rbc 001 0 eng
010 _a 2006037123
015 _aGBA700587
_2bnb
016 7 _a013633899
_2Uk
020 _a9780393732436 (paperback)
020 _a0393732436 (paperback)
035 _a14626690
035 _a(OCoLC)76167277
040 _aDLC
_cDLC
_dBAKER
_dUKM
_dC#P
_dBTCTA
_dYDXCP
_dDLC
_beng
041 _aeng
043 _an-us-ny
050 1 4 _aNA 9085
_bR639 2007
082 0 0 _a711/.4092
245 0 0 _aRobert Moses and the modern city :
_bthe transformation of New York /
_cedited by Hilary Ballon and Kenneth T. Jackson.
250 _a1st ed.
260 _aNew York :
_bW. W. Norton & Co.,
_cc2007.
300 _a336 pages :
_billustrations (some col.), maps, plans ;
_c26 cm.
336 _atext
_btxt
_2rdacontent
337 _aunmediated
_bn
_2rdamedia
338 _avolume
_bnc
_2rdacarrier
500 _a"This book is published in conjunction with the three-part exhibition 'Robert Moses and the modern city'"--T.p. verso.
504 _aIncludes bibliographical references (pages 324-327) and index.
520 _aRobert Moses & the Modern City re-examines the life and work of Robert Moses, who dominated New York City urban planning and development from the 1930s to the 1960s. The book offers a balanced and richly illustrated perspective that goes beyond the polarized views of Moses as either a visionary builder or a destructive force. The essays highlight Moses’s ambitious building programs, including vast park systems, iconic bridges, and extensive highways, which shaped the city’s modern infrastructure. The book critically addresses the social consequences of Moses’s projects, such as the displacement of communities during urban renewal. Through archival photographs and models, readers gain visual insight into Moses’s transformative impact and the scale of his work. The editors and contributors provide a scholarly reassessment, situating Moses’s legacy within broader urban history and planning debates. Overall, the book serves as both a tribute and a critique, reflecting the complexity of Moses’s influence on New York’s development.
600 1 4 _aMoses, Robert,
_d1888-1981
_929761
650 0 _aCity planners
_zNew York (State)
_zNew York
_xHistory
_y20th century
_xExhibitions.
650 4 _aUrbanistas
_xHistoria
_zNueva York (Estados Unidos)
_ySiglo XX
_947032
_vExposiciones
650 0 _aMunicipal officials and employees
_zNew York (State)
_zNew York
_xHistory
_y20th century
_xExhibitions.
650 4 _aFuncionarios y empleados municipales
_zNueva York (Estados Unidos)
_947034
650 0 _aPublic works
_zNew York (State)
_zNew York
_xHistory
_y20th century
_xExhibitions.
650 4 _aObras públicas
_zNueva York (Estados Unidos)
_xHistoria
_ySiglo XX
_921159
651 0 _aNew York (N.Y.)
_xHistory
_y20th century
_xExhibitions.
651 4 _aNueva York (Estados Unidos)
_xHistoria
_ySiglo XX
_98811
700 1 _aBallon, Hilary,
_d1956-2017
_944737
_eeditor
700 1 _aJackson, Kenneth T.,
_d1939-
_944738
_eeditor
856 4 1 _3Table of contents only
_uhttp://www.loc.gov/catdir/toc/ecip074/2006037123.html
906 _a7
_bcbc
_corignew
_d1
_eecip
_f20
_gy-gencatlg
942 _2lcc
_cBK
946 _iLLH
999 _c125030
_d125030